00593 a2200157 4500001000700000020001800007040003200025100001500057245004700072250001000119260001600129300003600145362000900181520020700190650003800397126053 a9788535610376 cEscola Canadense de Niteroi aCunha, Leo10aXxii!!: 22 Brincadeiras de linhas e letras a2.ed. aSão Paulo a32 p.bil.c6 x 16.26 x 1.02 cm0 a2005 aEste livro-brinquedo é uma farra de letras, linhas, formas e cores. Em meio a trocadilhos inteligentes e poesia concreta, a cada página o leitor encontra uma brincadeira, um sorriso, uma descoberta. 4aPoesias, Poemas, Versos ou Teatro